LEADER 02178nam a2200313 u 4500 001 000000077180 003 CaOOAMICUS 005 20120504131835.0 008 040121s1865 fr u000 u lat r 035 $a10981705 040 $aPUL(R)$bita 041 1 $alat$agrc 100 0 $aGermanus$bI,$cs., patriarca di Costantinopoli,$dc. 634-733.$0(OLS)http://pul/name/51345 245 14$aTou en aghiois patros emon Germanou archiepiscopou Konstantinopoleos ta euriskomena panta =$bS.P.N. Germani archiepiscopi constantinopolitani opera omnia, juxta editiones card. Ang. Mai... (et al...) ad prelum revocata /$caccedunt SS. Gregorii Agrigentini...scripta quae supersunt ; accurante et denuo recognoscente J.-P. Migne. 246 31$aS.P.N. Germani archiepiscopi constantinopolitani opera omnia 260 $aLutetiae Parisiorum :$bexcudebatur et venit apud J.-P. Migne editorem,$c1865. 300 $a1520 col. ;$c27 cm 490 1 $aPatrologiae cursus completus.$aSeries graeca prior ;$v98 700 1 $aMigne, Jacques Paul,$csac.,$d1800-1875.$0(OLS)http://pul/name/4478 700 02$aGermanus$bI,$cs., patriarca di Costantinopoli,$dc. 634-733.$tOpera omnia.$lLatino e greco.$0(OLS)http://pul/nameTitle/1638$0(OLS)http://pul/name/51345$0(OLS)http://pul/title/161341 830 0$aPatrologiae cursus completus.$pSeries graeca prior ;$v98.$0(OLS)http://pul/title/101109 850 $aPUL 852 $aPUL$W1$xSL Cons. Gen., Altre Classi 1$y1$m2002 A 1.98$j99179$nBK-PRI$qStampati$B99179$CPULBib$Z2$F99179 $82 900 $aGermano,$cs., patriarca di Costantinopoli,$dc. 634-733$951345 900 $aGermano,$cs., patriarca di Costantinopoli,$dc. 634-733$951345 941 1 $a8 996 $6246$aS.P.N. Germani archiepiscopi constantinopolitani opera omnia$9(OLS)http://pul/title/101216 996 $6245$aTou en aghiois patros emon Germanou archiepiscopou Konstantinopoleos ta euriskomena panta =$bS.P.N. Germani archiepiscopi constantinopolitani opera omnia, juxta editiones card. Ang. Mai... (et al...) ad prelum revocata$9(OLS)http://pul/title/101215 996 $6260$aLutetiae Parisiorum :$bexcudebatur et venit apud J.-P. Migne editorem$9(OLS)http://pul/publisher/50224 LEADER 01788nam a2200361 a 4500 001 000000151152 003 CaOOAMICUS 005 20160408100943.0 008 160408s2016 vc u000 u ita r 020 $a978-8-84651-072-3* 032 $aLibriCat 040 $aPUL$bita 082 04$a264 100 1 $aBaroffio, Giacomo,$d1940-$0(OLS)http://pul/name/827 245 10$aSacramentari e messali pretridentini di provenienza italiana : $bguida ai manoscritti /$cGiacomo Baroffio, Manlio Sodi, Andrzej Suski. 260 $aCittą del Vaticano :$bLateran University Press,$c©2016$aTorrita di Siena :$bSocietą bibliografica toscana 300 $a443 p. ;$c24 cm. 490 1 $aVeritatem inquirere ;$v01 504 $aBibliografia in nota. 650 4$aMessali$vManoscritti.$0(OLS)http://pul/subject/43272 650 4$aSacramentari$vManoscritti.$0(OLS)http://pul/subject/43271 700 1 $aSodi, Manlio,$cS.D.B.,$d1944-$0(OLS)http://pul/name/32025 700 1 $aSuski, Andrzej,$cvescovo,$d1941-$0(OLS)http://pul/name/96184 830 0$aVeritatem inquirere ;$v01.$0(OLS)http://pul/title/190358 850 $aPUL 852 $aPUL$W1$xSL Religione 3$y85$m264 COLL 1.1$j173600$qDDC 21$B175934$CPULBib$Z2$F175934 $H127561 $81 941 1 $a9 996 $6020$a978-8-84651-072-3* $9(OLS)http://pul/number/160222 996 $6082$a264$9(OLS)http://pul/classification/492 996 $6245$aSacramentari e messali pretridentini di provenienza italiana : $bguida ai manoscritti$9(OLS)http://pul/title/190357 996 $6260$aCittą del Vaticano :$bLateran University Press$9(OLS)http://pul/publisher/74585 996 $6260$aTorrita di Siena :$bSocietą bibliografica toscana$9(OLS)http://pul/publisher/84841